00000000nam##2200000za#4500
0019.580260
003CaOODSP
00520210624190944
007cr |||||||||||
008150406|2012||||xxc|||||o    f|0| 0 eng|d
022 |a1488-5379
040 |aCaOODSP|beng
043 |an-cn---
0861 |aFs97-6/3006E-PDF
1101 |aCanada. |bDepartment of Fisheries and Oceans.
24512|aA preliminary investigation of fish distributions near an in-stream tidal turbine in Minas Passage, Bay of Fundy / |h[electronic resource]|cby Gary D. Melvin and Norman A. Cochrane.
260 |aSt. Andrews - New Brunswick : |bFisheries and Oceans Canada |c2012.
300 |a51p.|bcoloured figs., coloured illus., references, tables
4901 |aCanadian technical report of fisheries and aquatic sciences|x1488-5379|vNo. 3006
500 |aFile reproduced from original print. On cover : Biological Station, St. Andrews, New Brunswick. Incorrect catalogue number (Fs97-6/2840E-PDF) printed on colophon page.
546 |a(Résumé en français)
590 |a14-14-Supp|b2014-07-24
7201 |aMelvin, Gary D.
7201 |aCochrane, Norman A.
830#0|aCanadian technical report of fisheries and aquatic sciences,|x1488-5379|vNo. 3006|w(CaOODSP)9.504449
85640|ahttp://publications.gc.ca|qPDF|s1129 KB|uhttps://publications.gc.ca/collections/collection_2014/mpo-dfo/Fs97-6-3006-eng.pdf|yNo. 3006